Teoría y problemas de desarrollo económico (Registro nro. 5907)

Detalles MARC
000 -LEADER
fixed length control field 01048 a2200229 4500
001 - CONTROL NUMBER
control field 55284
005 - DATE AND TIME OF LATEST TRANSACTION
control field 20260407155827.0
008 - FIXED-LENGTH DATA ELEMENTS--GENERAL INFORMATION
fixed length control field 260407a1979 arg spa d
003 - CONTROL NUMBER IDENTIFIER
control field AR-UNSa-BCEJYS
040 ## - CATALOGING SOURCE
Original cataloging agency AR-UNSa-BCEJYS
Language of cataloging spa
Transcribing agency AR-UNSa-BCEJYS
080 ## - UNIVERSAL DECIMAL CLASSIFICATION NUMBER
Universal Decimal Classification number 330.34
Common auxiliary subdivision Desarrollo Económico
020 ## - INTERNATIONAL STANDARD BOOK NUMBER
International Standard Book Number 0-07-091970-4
041 ## - LANGUAGE CODE
Language code of text/sound track or separate title spa
100 1# - MAIN ENTRY--PERSONAL NAME
Personal name Salvatore, Dominick
245 10 - TITLE STATEMENT
Title Teoría y problemas de desarrollo económico
264 #1 - PRODUCTION, PUBLICATION, DISTRIBUTION, MANUFACTURE, AND COPYRIGHT NOTICE
Place of production, publication, distribution, manufacture Bogotá :
Name of producer, publisher, distributor, manufacturer McGraw-Hill Interamericana
Date of production, publication, distribution, manufacture, or copyright notice 1979
300 ## - PHYSICAL DESCRIPTION
Extent 240 p.
Dimensions 27 cm.
505 ## - FORMATTED CONTENTS NOTE
Formatted contents note 1. Desarrollo económico: una visión general - 2. Teorias generales del desarrollo y subdesarrollo - 3. La agricultura en el proceso del desarrollo - 4. Los problemas de la industrialización - 5. Desarrollo de los recursos humanos - 6. Ahorro e inversión - 7. Política monetaria y fiscal - 8. El papel del comercio en el desarrollo - 9. Ayuda externa e inversiones extranjeras - 10. Planeación del desarrollo
590 ## - LOCAL NOTE (RLIN)
Local note niveau_biblio:m niveau_hierar:0
700 1# - ADDED ENTRY--PERSONAL NAME
Personal name Dowling, Edward T.
942 ## - ADDED ENTRY ELEMENTS (KOHA)
Koha item type
Existencias
Withdrawn status Lost status Damaged status Not for loan Home library Current library Shelving location Date acquired Total checkouts Full call number Barcode Date last seen Price effective from Koha item type
        Biblioteca Prof. Eusebio Cleto del Rey Biblioteca Prof. Eusebio Cleto del Rey   07/04/2026   330.34 S182 L33650 07/04/2026 07/04/2026 Libro
        Biblioteca Prof. Eusebio Cleto del Rey Biblioteca Prof. Eusebio Cleto del Rey   07/04/2026   330.34 S182 L39356 07/04/2026 07/04/2026 Libro